Parallel politics : Economic policymaking in the United States and Japan

שמור ב:
מידע ביבליוגרפי
פורמט: ספר
שפה:Undetermined
יצא לאור: Washington Brookings Institution 1991
נושאים:
תגים: הוספת תג
אין תגיות, היה/י הראשונ/ה לתייג את הרשומה!
Thư viện lưu trữ: Trung tâm Học liệu Trường Đại học Cần Thơ
LEADER 00537nam a2200193Ia 4500
001 CTU_99660
008 210402s9999 xx 000 0 und d
082 |a 338.952 
082 |b P221 
245 0 |a Parallel politics : 
245 0 |b Economic policymaking in the United States and Japan 
245 0 |c Editor: Samuel Kernell 
260 |a Washington 
260 |b Brookings Institution 
260 |c 1991 
650 |a Political culture 
650 |z Japan 
904 |i Năm 
980 |a Trung tâm Học liệu Trường Đại học Cần Thơ